000 00335 a2200157 4500
001 114038
041 _apor
090 _aMultiuso
245 1 0 _aProjetor Power lite X24+ 4
250 _a. ed.
300 _aMarca Epson
856 _u000010/000010d1.jpg
040 _aBR-BrIDEA
_cBR-BrIDEA
260 _a[S.l.]
_c2016
942 _cDE
999 _c114038
_d114038